000 01868nam a2200349 i 4500
001 000000046
003 DO-SdBNP
005 20260321073647.0
006 a||||gr|||| 00| 0
007 ta
008 260413e1985 dr 000 0 spa d
040 _aDO-SdBNP
_bspa
_cBNPHU
_erda
041 _aspa
082 4 _a972.93
_bB742a, 1985
_222
100 1 _a Bosch, Juan,
_d1909-2001
_eautor
_976555
245 1 0 _aArtículos y conferencias /
_cJuan Bosch.
250 _aTercera edición
264 1 _aSanto Domingo :
_bEditora Corripio,
_c1985
300 _a253 páginas ;
_c21 cm.
336 _2rdacontent
_atexto
_btxt
337 _2rdamedia
_asin mediación
_bn
338 _2rdacarrier
_avolumen
_bnc
505 0 _aTres conferencias sobre la inflación.
_tDatos para la historia del azúcar en la República Dominicana --
_tMon Cáceres, el tiranicida --
_gDE LITERATURA OPINIONES SOBRE DOS NOVELAS DE GABRIEL GARCIA MARQUEZ Y UNA DE MIGUEL OTERO SILVA.
_tCien años de soledad --
_tCartas al autor de "la increíble y triste historia de la Cándida Erendira y su abuela Desalmada" --
_tPalabras en torno a Casas Muertas --
_tGarcía Godoy y su obra --
_gARTICULOS POLITICOS.
_tLas panteras negras: un caso de sociología política --
_tEl PRD y la lucha de clases --
_gPOLEMICA Y ACLARACION.
_tPrólogo indispensable a una breve historia de la oligarquía --
_tUna aclaración necesaria.
590 _aInventariado 2026/DG
600 1 0 _aCáceres, Ramón,
_d1866-1911
_9196
650 7 _aInflación
_vEnsayos, conferencias, etc.
_9201
_2LEMB
650 0 _aIndustria azucarera
_zRepública Dominicana
_xHistoria
_vEnsayos, conferencias, etc.
_97298
650 4 _aLiteratura latinoamericana
_ySiglo XX
_vEnsayos, conferencias, etc.
_9199
651 4 _aRepública Dominicana
_xPolítica y gobierno
_z1961-
_vEnsayos, conferencias, etc.
_9200
910 _aDG
942 _2ddc
_cLBS1
999 _c60502
_d60502